Addressing the challenges in implementing infrastructure development project : a case study utilizing the PDCA cycle [manuscript] Audreigh A. Lucero, Kyle R. Isidro, Jhomar T. Fernandez. (Record no. 21353)
| 000 -LEADER | |
|---|---|
| fixed length control field | 00488nam a22001217a 4500 |
| 082 ## - DEWEY DECIMAL CLASSIFICATION NUMBER | |
| Classification number | Civil 0161 |
| Item number | 2025 c.1 |
| 100 ## - MAIN ENTRY--AUTHOR NAME | |
| Personal name | Lucero, Audreigh A., author. |
| 245 ## - TITLE STATEMENT | |
| Title | Addressing the challenges in implementing infrastructure development project : a case study utilizing the PDCA cycle [manuscript] Audreigh A. Lucero, Kyle R. Isidro, Jhomar T. Fernandez. |
| 260 ## - PUBLICATION, DISTRIBUTION, ETC. (IMPRINT) | |
| Year of publication | ©2025. |
| 300 ## - PHYSICAL DESCRIPTION | |
| Number of Pages | x, 115 pages ; |
| Other physical details | 29 cm. |
| 500 ## - GENERAL NOTE | |
| General note | Thesis (B.S.) -- Cagayan State University, 2025. |
| 942 ## - ADDED ENTRY ELEMENTS (KOHA) | |
| Koha item type | Academic Research |
| Source of acquisition | Permanent Location | Date acquired | Koha item type | Collection code | Accession Number | Lost status | Shelving location | Withdrawn status | Current Location | Full call number |
|---|---|---|---|---|---|---|---|---|---|---|
| School | Cagayan State University - Carig Library | 2025-09-05 | Academic Research | Academic Research | CIVIL01061 | Academic Research Section | Cagayan State University - Carig Library | Civil 0161 2025 c.1 |